Normal view
MARC view
- Serrani, Daniel
Entry Nombre Personal
001 - NUMERO DE CONTROL
- campo de control: 44858
003 - IDENTIFICADOR DE NUMERO DE CONTROL
- campo de control: MX-MxUPN
005 - FECHA Y HORA DE LA ÜLTIMA TRANSACCIÓN
- campo de control: 20220614084703.0
008 - DATOS DE LONGITUD FIJA
- campo de control de longitud fija: 220614|| acn||aabn | a|a d
024 7# - OTROS IDENTIFICADORES NORMALIZADOS
- Fuente: orcid
- Número normalizado o código: 0000-0001-8206-4494
040 ## - FUENTE DE CATALOGACIÓN
- Agencia original de catalogación: MX-MxUPN
100 1# - ENCABEZAMIENTO - NOMBRE PERSONAL
- Nombre personal: Serrani, Daniel
370 ## - LUGAR ASOCIADO
- Associated country: Argentina
371 ## - DIRECCIÓN
- Electronic mail address: danielserrani@argentina.com
372 ## - CAMPO DE ACTIVIDAD
- Field of activity: Psiquiatría
- Field of activity: Psicología
- Field of activity: Neurociencias
- Field of activity: Geriatría
373 ## - GRUPO ASOCIADO
- Associated group: Universidad Nacional del Rosario
374 ## - OCUPACIÓN
- Occupation: Psicólogo
- Occupation: Psiquiatra
400 ## - VEÁSE - NOMBRE DE PERSONA
- Enlace: Serrani Azcurra, Daniel Jorge Luis
670 ## - FUENTE EN LA QUE SE LOCALIZARON DATOS
- Cita de la fuente: En recurso en línea : Psiencia, Vol. 5, no .2 (2013)
- Información localizada: Página 90 (Daniel Serrani)
- Uniform Resource Identifier: https://dialnet.unirioja.es/servlet/articulo?codigo=4821184
670 ## - FUENTE EN LA QUE SE LOCALIZARON DATOS
- Cita de la fuente: Google académico
- Uniform Resource Identifier: https://scholar.google.com.ar/citations?user=3YCXXqQAAAAJ&hl=es
902 ## - CATALOGADOR
- Catalogador: BLSM / 140622
